| 000 | 00384nam a2200145Ia 4500 | ||
|---|---|---|---|
| 008 | 221030s9999 xx 000 0 und d | ||
| 020 | _a9789332541092 | ||
| 100 | _aB. Mahadevan | ||
| 245 | 0 |
_aOperations Management Theory & Practice 3rd ed. _cby B. Mahadevan |
|
| 250 | _a3rd | ||
| 260 |
_bPearson Education _aNoida _c2021 |
||
| 300 | _a610 | ||
| 650 | _aManagement | ||
| 942 |
_cBK _2ddc |
||
| 999 |
_c9730 _d9730 |
||